| 000 | 01998 a2200145 4500 | ||
|---|---|---|---|
| 003 | Nust | ||
| 005 | 20170207154038.0 | ||
| 040 | _cNust | ||
| 100 | _aChris Myers | ||
| 245 |
_aStochastic Control (E-Book) _cChris Myers |
||
| 260 |
_aIndia _bSciyo _c© 2010 |
||
| 300 | _ax,650p; | ||
| 505 | _aThe Fokker-Planck equation (page-1) The Itô calculus for a noisy dynamical system (page-21)Application of coloured noise as a driving force in the stochastic differential equations (page-43)Complexity and stochastic synchronization in coupled map lattices and cellular automata (page-59) Zero-sum stopping game associated with threshold probability (page-81) Stochastic independence with respect to upper and lower conditional probabilities defined by Hausdorff outer and inner measures (page-87) Design and experimentation of a large scale distributed stochastic control algorithm applied to energy management problems (page-103) Exploring Statistical Processes with Mathematica (page-125) Optimal filtering for linear states over polynomial observations (page-261) The stochastic matched filter and its applications to detection and de-noising (page-271) The synthesis problem of the optimum control for nonlinear stochastic structures in the multistructural systems and methods of its solution (page-371)Mean-variance hedging under partial information (page-581) Pertinence and information needs of different subjects on markets and appropriate operative (tactical or strategic) stochastic control approaches (page-609) Fractional bioeconomic systems: optimal control problems, theory and applications (page-629) Optimal design criteria for isolation devices in vibration control (page-393) Sensitivity analysis and stochastic modeling of the effective properties for reinforced elastomers (page-411) Stochastic Decision Support Models and Optimal Stopping Rules in a New Product Lifetime Testing (page-533) A non-linear double stochastic model of return in financial markets (page-559) | ||
| 651 | _a(E-Book) | ||
| 942 |
_2ddc _cBK |
||
| 999 |
_c192471 _d192471 |
||